TOP 100 Największych Państwa świata. - Statystyki

Ogólne statystyki
  • Ten quiz został rozwiązany 833 razy
  • Średni wynik to 44 z 100
Statystyki odpowiedzi
Obrazkowy Odpowiedź % Poprawnych
Rosja
98%
Kanada
94%
Stany Zjednoczone
92%
Chiny
91%
Australia
87%
Brazylia
86%
Indie
85%
Argentyna
79%
Kazachstan
77%
Algieria
74%
Indonezja
72%
Meksyk
70%
Mongolia
62%
Demokratyczna Republika Konga
61%
Egipt
60%
Libia
59%
Arabia Saudyjska
58%
Chile
58%
Polska
57%
Iran
56%
Republika Południowej Afryki
56%
Sudan
56%
Turcja
55%
Włochy
54%
Francja
53%
Hiszpania
53%
Niemcy
53%
Norwegia
53%
Czad
51%
Mali
51%
Ukraina
51%
Wielka Brytania
51%
Japonia
50%
Peru
50%
Etiopia
49%
Maroko
49%
Madagaskar
48%
Tajlandia
47%
Angola
46%
Filipiny
46%
Finlandia
46%
Grecja
46%
Niger
46%
Somalia
46%
Szwecja
46%
Wietnam
46%
Pakistan
44%
Rumunia
44%
Mjanma
43%
Nowa Zelandia
43%
Papua-Nowa Gwinea
43%
Białoruś
42%
Kolumbia
42%
Namibia
41%
Wenezuela
41%
Afganistan
39%
Mauretania
39%
Laos
37%
Mozambik
37%
Malezja
36%
Jemen
35%
Oman
35%
Turkmenistan
35%
Uzbekistan
35%
Nepal
34%
Nigeria
34%
Tanzania
34%
Bangladesz
33%
Boliwia
33%
Irak
33%
Senegal
32%
Zambia
32%
Kamerun
31%
Korea Północna
31%
Syria
31%
Sudan Południowy
30%
Tunezja
30%
Benin
29%
Kirgistan
29%
Kenia
27%
Paragwaj
27%
Republika Środkowoafrykańska
27%
Wybrzeże Kości Słoniowej
27%
Botswana
26%
Erytrea
25%
Tadżykistan
25%
Ekwador
24%
Gabon
24%
Zimbabwe
24%
Ghana
23%
Kongo
22%
Burkina Faso
21%
Gujana
21%
Malawi
21%
Gwinea
20%
Nikaragua
18%
Urugwaj
16%
Kambodża
15%
Uganda
15%
Surinam
12%
Nie znaleziono quizów pasujących do podanych kryteriów
Rozkład punktacji
Procent ludzi z każdym wynikiem
Percentyl według liczby udzielonych odpowiedzi
Twoja historia wyników
Nie rozwiązałeś tego quizu